00709nam a2200193 4500001000700000003000900007005001700016007000300033008004100036100002800077245009400105250001500199260007600214300002200290700003000312852003200342999001900374952012200393149117ES-MaACL20230906202946.0t|070214s1964 mx r ||||1| spa d1 aSweezy, Paul M.910893510aTeoría del desarrollo capitalista / cPaul M. Sweezy ; [versión de Hernán Laborde]. a[4ª ed.]. aMéxico [etc.] : bFondo de Cultura Económica, c[1964] (fLitoarte) a431 p. ; c21 cm.1 aLaborde, Hernán.969249 aES-MaACLjC-34679 bR.67408 c149117d149117 00104070aATENEOMbATENEOMcDEPO2d2008-01-17eSCl0oC-34679p1155607r2023-02-23 00:00:00w2023-02-23yMONOGRAFIA